000 00364nab a22001097u 4500
008 130520b2011 xxu||||| |||| 00| 0 eng d
041 _aeng
100 1 _aYarbro Collins, Adela
_952446
245 0 4 _aThe Female Body as social Space in 1 Timothy
_cAdela Yarbro Collins
773 0 _tNew Testament Studies
_gV.57, nº2,2011,págs. 155-175
_x286885
_wRev299
942 _cAR
999 _c307443
_d307443